000 00475nam a2200181Ia 4500
001 24579
005 20260414151053.0
008 260414t2014||||xx |||||||||||||| ||spa||
041 _aESP
082 _a345.721
_bB141 V. 26
100 _aCastillo Freyre, Mario
_eAUT
245 0 _aArbitraje :
_bcomentarios a la ley de arbitraje. Segunda Parte
260 _c2014
300 _apáginas 588-1276 :
_c24 cm.
650 _aDER
654 _aCDE
942 _cLIB
_dJUS
_fJUS
_2ddc
_n
999 _c24579
_d24579